<?xml version="1.0" encoding="UTF-8"?>
<record
    xmlns:xsi="http://www.w3.org/2001/XMLSchema-instance"
    xsi:schemaLocation="http://www.loc.gov/MARC21/slim http://www.loc.gov/standards/marcxml/schema/MARC21slim.xsd"
    xmlns="http://www.loc.gov/MARC21/slim">

  <leader>01063nam a22002895i 4500</leader>
  <controlfield tag="001">15355</controlfield>
  <controlfield tag="003">ES-MaACL</controlfield>
  <controlfield tag="005">20230906151041.0</controlfield>
  <controlfield tag="007">t|</controlfield>
  <controlfield tag="008">000215s1994    sp           ||||0| spa j</controlfield>
  <datafield tag="020" ind1=" " ind2=" ">
    <subfield code="a">84-7784-099-7</subfield>
  </datafield>
  <datafield tag="040" ind1=" " ind2=" ">
    <subfield code="a">M-BN </subfield>
    <subfield code="b">spa </subfield>
    <subfield code="c">M-BN</subfield>
  </datafield>
  <datafield tag="080" ind1=" " ind2=" ">
    <subfield code="a">347.236(460.315 Bigastro)"17/18"</subfield>
  </datafield>
  <datafield tag="080" ind1=" " ind2=" ">
    <subfield code="a">946.031.5 Bigastro"17/18"</subfield>
  </datafield>
  <datafield tag="100" ind1="1" ind2=" ">
    <subfield code="a">Canales Mart&#xED;nez, Gregorio.</subfield>
    <subfield code="9">34396</subfield>
  </datafield>
  <datafield tag="245" ind1="1" ind2="3">
    <subfield code="a">El se&#xF1;or&#xED;o eclesi&#xE1;stico de Bigastro (Siglos XVIII-XIX) / </subfield>
    <subfield code="c">Gregorio Canales Mart&#xED;nez, Inmaculada Mart&#xED;nez Garc&#xED;a.</subfield>
  </datafield>
  <datafield tag="260" ind1=" " ind2=" ">
    <subfield code="a">Alicante : </subfield>
    <subfield code="b">Instituto de Cultura "Juan-Gil Albert", </subfield>
    <subfield code="c">1994.</subfield>
  </datafield>
  <datafield tag="300" ind1=" " ind2=" ">
    <subfield code="a">304 p. : </subfield>
    <subfield code="b">il. ; </subfield>
    <subfield code="c">21 cm.</subfield>
  </datafield>
  <datafield tag="490" ind1="1" ind2=" ">
    <subfield code="a">Ensayo e investigaci&#xF3;n ; </subfield>
    <subfield code="v">51</subfield>
  </datafield>
  <datafield tag="650" ind1="1" ind2="4">
    <subfield code="a">Se&#xF1;or&#xED;os-</subfield>
    <subfield code="z">Bigastro-</subfield>
    <subfield code="y">S.XVIII-XIX.</subfield>
    <subfield code="9">17048</subfield>
  </datafield>
  <datafield tag="651" ind1=" " ind2="4">
    <subfield code="a">Bigastro-</subfield>
    <subfield code="x">Historia-</subfield>
    <subfield code="y">S.XVIII-XIX.</subfield>
    <subfield code="9">7880</subfield>
  </datafield>
  <datafield tag="700" ind1="1" ind2=" ">
    <subfield code="a">Mart&#xED;nez Garc&#xED;a, Inmaculada.</subfield>
    <subfield code="9">78102</subfield>
  </datafield>
  <datafield tag="710" ind1="2" ind2=" ">
    <subfield code="a">Instituto de Cultura "Juan Gil-Albert"</subfield>
    <subfield code="9">4857</subfield>
  </datafield>
  <datafield tag="830" ind1="0" ind2=" ">
    <subfield code="a">Ensayo e investigaci&#xF3;n ; </subfield>
    <subfield code="v">51</subfield>
    <subfield code="9">179617</subfield>
  </datafield>
  <datafield tag="852" ind1=" " ind2=" ">
    <subfield code="a">ES-MaACL</subfield>
    <subfield code="j">L-22602 </subfield>
    <subfield code="b">R.127702</subfield>
  </datafield>
  <datafield tag="999" ind1=" " ind2=" ">
    <subfield code="c">15355</subfield>
    <subfield code="d">15355</subfield>
  </datafield>
  <datafield tag="952" ind1=" " ind2=" ">
    <subfield code="0">0</subfield>
    <subfield code="1">0</subfield>
    <subfield code="4">0</subfield>
    <subfield code="7">0</subfield>
    <subfield code="a">ATENEOM</subfield>
    <subfield code="b">ATENEOM</subfield>
    <subfield code="c">DEPO2</subfield>
    <subfield code="d">2008-01-17</subfield>
    <subfield code="e">SC</subfield>
    <subfield code="l">0</subfield>
    <subfield code="o">L-22602</subfield>
    <subfield code="p">1015612</subfield>
    <subfield code="r">2023-02-23 00:00:00</subfield>
    <subfield code="w">2023-02-23</subfield>
    <subfield code="y">MONOGRAFIA</subfield>
  </datafield>
</record>
